Distribučná politika vo vybranej spoločnosti diplomová práca

Uložené v:
Podrobná bibliografia
Hlavný autor: Hozzová, Lenka
Korporativný autor: Obchodná fakulta EU. Katedra marketingu
Ďalší autori: Daňo, Ferdinand, 1959-
Médium: Kniha
Jazyk:Slovak
Vydavateľské údaje: Bratislava 2013
Tagy: Pridať tag
Žiadne tagy, Buďte prvý, kto otaguje tento záznam!

MARC

LEADER 00000nbm a2200000 4500
001 0169353
005 20161109102258.3
041 0 |a slo 
044 |a SK 
245 1 0 |a Distribučná politika vo vybranej spoločnosti  |b diplomová práca  |c Lenka Hozzová ; školiteľ: Ferdinand Daňo 
264 1 |a Bratislava  |c 2013 
300 |a 80 s. 
100 1 |a Hozzová, Lenka 
700 1 |a Daňo, Ferdinand, 1959- 
710 2 |a Obchodná fakulta EU. Katedra marketingu